| 000 | 00932nam a22002417a 4500 | ||
|---|---|---|---|
| 010 | _aB-230631 | ||
| 020 |
_a9788173292033 _c150.00 |
||
| 035 | _aB-230631 | ||
| 037 | _aCen Lib / Ret | ||
| 040 |
_aDPL _bPN |
||
| 082 |
_a616.07 _bਸ਼ੁਕਲਾ |
||
| 100 |
_aਸ਼ੁਕਲਾ, ਫਕ਼ੀਰ ਚੰਦ _97767 |
||
| 245 |
_aਰੋਗਾਂ ਤੋ ਬਚੋ / _cਫਕ਼ੀਰ ਚੰਦ ਸ਼ੁਕਲਾ |
||
| 246 |
_aRogaan to bacho / _bby Faqir Chand Shukla |
||
| 260 |
_aਦਿੱਲੀ _bਸਿਲਾਲੇਖ _c2007 |
||
| 270 |
_a੪/੩੨ ਸੁਭਾਸ਼ ਗਾਲੀ ਵਿਸ਼ਵਾਸ ਨਗਰ ਸ਼ਹਾਦਰ _bਦਿੱਲੀ _e110051 |
||
| 300 |
_a156p ; _b24cm(Hb) |
||
| 650 |
_aDiagnosis. _935154 |
||
| 650 |
_aਨਿਦਾਨ _9133601 |
||
| 650 |
_aTherapeutics. _9133602 |
||
| 650 |
_aਚਿਕਿਤਸਾ _9133603 |
||
| 942 |
_2ddc _cPN _h616.07 _mਸ਼ੁਕਲਾ |
||
| 999 |
_c111141 _d111141 |
||